Métodos de investigación social /
Guardado en:
| Autor Principal: | |
|---|---|
| Otros Autores: | |
| Formato: | Libro |
| Idioma: | Spanish |
| Publicado: |
México :
Editorial Trillas,
1969, c1967.
|
| Materias: | |
| Etiquetas: |
Agregar Etiqueta
Sin Etiquetas, Sea el primero en etiquetar este registro!
|
| LEADER | 00725nam a22002055 4500 | ||
|---|---|---|---|
| 001 | EAD.ead002147 | ||
| 008 | 080718t19691967mx#######b####000#0#spa#d | ||
| 005 | 20100517173423.0 | ||
| 245 | 1 | 0 | |a Métodos de investigación social / |c William J. Goode, Paul K. Hatt. |
| 260 | |a México : |b Editorial Trillas, |c 1969, c1967. | ||
| 300 | |a 469 p. ; |c 23 cm. | ||
| 500 | |a Traducción de: Methods in social research. | ||
| 504 | |a Incluye referencias bibliográficas e índice. | ||
| 100 | 1 | |a Goode, William Josiah. | |
| 700 | 1 | |a Hatt, Paul K. | |
| 082 | 0 | 4 | |a 300.72 |2 21 |
| 650 | 7 | |a Investigación social. |2 unbist | |
| 650 | 7 | |a Sociología. |2 unbist | |
| 650 | 7 | |a Ciencia. |2 unbist | |
| 859 | |a AR-BaBDC |b BIB. ADMINISTRACION - Libros |h 300.72 |i G613 |p b00400 | ||
